000 00792nam a2200253Ia 4500
003 OSt
005 20221005040003.0
006 a|||||r|||| 00| 0
007 ta
008 221004b |||||||| |||| 00| 0 eng d
020 _a8185054118 (hbk)
_c370
024 _a118292
037 _b267, 27/03/2012, University Book House
_cTextual
040 _aCRL
_cCRL
_beng
041 _2eng
_aeng
082 _aV282:35.L5<-K5, M6
100 _aGupta Satya Prakash
245 0 _aAgrarian system of Eastern Rajasthan
_b c.1650-c.1750
260 _aDelhi
_bManohar Publisher India
_c1986
300 _axvi,352p.
_ccm.
650 _aHISTORY
942 _hV282:35.L5<-K5, M6
_cTEXL
_2cc
999 _c946165
_d946165